000 00694nam a2200289Ia 4500
005 20260324144403.0
008 008 260324s9999 xx 000 0 eng d
020 _a9780203984024
037 _aEBOOK
040 _aCRL
040 _beng
040 _cCRL
041 _2eng
041 _aeng
084 _qCRL
100 _aDorothy Elkins; T. H. Elkins; B. Hofmeister
_91219137
245 0 _aBerlin
245 4 _bThe Spatial Structure of a Divided City
260 _bTaylor and Francis
260 _c1988
365 _a
365 _b150
856 _uhttp://www.taylorfrancis.com/books/9780203984024
942 _cEBOOK
999 _c1825686
_d1825686